| 000 | 01236nam a2200301Ia 4500 | ||
|---|---|---|---|
| 001 | ebr10369422 | ||
| 003 | CaPaEBR | ||
| 006 | m u | ||
| 007 | cr cn||||||||| | ||
| 008 | 100902s2009 dcu sb i000 0 eng d | ||
| 040 |
_aCaPaEBR _cCaPaEBR |
||
| 035 | _a(OCoLC)645515735 | ||
| 050 | 1 | 4 |
_aHG3881 _b.E33 2009eb |
| 100 | 1 | _aEichengreen, Barry J. | |
| 245 | 1 | 0 |
_aOut of the box thoughts about the international financial architecture _h[electronic resource] / _cBarry Eichengreen. |
| 260 |
_a[Washington, D.C.] : _bInternational Monetary Fund, _c2009. |
||
| 300 | _a26 p. | ||
| 490 | 1 |
_aIMF working paper ; _vWP/09/116 |
|
| 504 | _aIncludes bibliographical references. | ||
| 533 |
_aElectronic reproduction. _bPalo Alto, Calif. : _cebrary, _d2011. _nAvailable via World Wide Web. _nAccess may be limited to ebrary affiliated libraries. |
||
| 650 | 0 | _aInternational finance. | |
| 650 | 0 | _aGlobal Financial Crisis, 2008-2009. | |
| 655 | 7 |
_aElectronic books. _2local |
|
| 710 | 2 | _aInternational Monetary Fund. | |
| 710 | 2 | _aebrary, Inc. | |
| 830 | 0 |
_aIMF working paper ; _vWP/09/116. |
|
| 856 | 4 | 0 |
_uhttp://site.ebrary.com/lib/rucke/Doc?id=10369422 _zAn electronic book accessible through the World Wide Web; click to view |
| 999 |
_c110744 _d110744 |
||